| 000 | 00000nam##2200000za#4500 |
| 001 | 9.684007 |
| 003 | CaOODSP |
| 005 | 20210615133928 |
| 007 | ta |
| 008 | 150407|2008||||xxc||||| f|0| 0 fre|d |
| 020 | |a978-0-662-07444-1 |
| 040 | |aCaOODSP|bfre |
| 043 | |an-cn--- |
| 086 | 1 |aM141-20/2007F |
| 110 | 1 |aCanada.|bRessources naturelles Canada. |bOffice de l'efficacité énergétique. |
| 245 | 10|aPublications sur les bâtiments |
| 260 | |bRessources naturelles Canada. |cPrintemps 2008. |
| 300 | |a[4]p. ; |c28 cm. |
| 563 | |aCouverture souple |
| 590 | |a09-03|b2009-01-16 |
| 691 | 07|aPublication gouvernementale|2gcpds |
| 775 | 08|tBuildings publications |w(CaOODSP)9.650941 |
| 776 | 0#|tPublications sur les bâtiments |w(CaOODSP)9.634727 |